| 000 | 00699nam a2200229Ia 4500 | ||
|---|---|---|---|
| 003 | OSt | ||
| 005 | 20220918223640.0 | ||
| 006 | a|||||r|||| 00| 0 | ||
| 007 | ta | ||
| 008 | 220917b |||||||| |||| 00| 0 eng d | ||
| 024 | _a224,265 | ||
| 037 | _cTextual | ||
| 040 |
_aARTS _cARTS _beng |
||
| 041 |
_2eng _aeng |
||
| 082 | _aY11:1.2-3.N50<-N19, P4.1-.2 | ||
| 100 |
_aFleming Laurence Co. _9146237 |
||
| 245 | 0 |
_aLast children of the raj _b British childhoods in India introuction by Mark Tully |
|
| 260 |
_aLondon _bRadcliff press _c2004 |
||
| 650 | _aSOCIOLOGY | ||
| 942 |
_hY11:1.2-3.N50<-N19, P4.1-.2 _cTEXL _2CC |
||
| 999 |
_c279024 _d279024 |
||